[Event "SV Königsspringer Hamm 1-SK Sodingen  C"]
[Site "Verbandsliga - Gruppe 1 2018/"]
[Date "2019.02.03"]
[Round "6.5"]
[White "Hessel, Malte"]
[Black "Sporkert, Corina"]
[Result "1-0"]
[WhiteElo "1924"]
[BlackElo "1831"]
[PlyCount "115"]
[EventDate "2019.??.??"]

1. d4 Nf6 2. Nf3 d5 3. e3 Bf5 4. c4 e6 5. Qb3 Qc8 6. cxd5 exd5 7. Nc3 c6 8. Bd2
Qc7 9. Rc1 Qb6 10. Qxb6 axb6 11. a3 Bd6 12. Nh4 Be6 13. Bd3 O-O 14. O-O Be7 15.
Nf5 Bd8 16. f4 g6 17. Ng3 Bc7 18. Nb5 Na6 19. Nxc7 Nxc7 20. Bb4 Bd7 21. Bxf8
Kxf8 22. f5 Kg7 23. Rf3 g5 24. e4 dxe4 25. Nxe4 h6 26. Nd6 Ra4 27. Rc4 Ra7 28.
a4 Ncd5 29. g3 g4 30. Rf2 Ne3 31. Rb4 Nfd5 32. f6+ Kf8 33. Rb3 Rxa4 34. Ra3
Rxa3 35. bxa3 b5 36. Nxb7 Ke8 37. Re2 Kf8 38. Nc5 Bf5 39. Kf2 Bxd3 40. Nxd3 Nf5
41. Re4 h5 42. Nb4 Nd6 43. Re5 Nxf6 44. Nxc6 Nc4 45. Rxb5 Nxa3 46. Rf5 Kg7 47.
Ke3 Nc4+ 48. Kd3 Nd6 49. Ra5 Nde4 50. Ne7 Nf2+ 51. Ke3 Nd1+ 52. Kf4 Nc3 53. Ke5
Ne8 54. d5 f6+ 55. Kd4 Ne2+ 56. Kc5 Nc3 57. Kc6 Ne4 58. Nf5+ 1-0

[Event "SV Königsspringer Hamm 1-SK Sodingen  C"]
[Site "Verbandsliga - Gruppe 1 2018/"]
[Date "2019.02.03"]
[Round "6.6"]
[White "Kauder, Hartmut"]
[Black "Kock, Wolfgang"]
[Result "0-1"]
[WhiteElo "2089"]
[BlackElo "1970"]
[PlyCount "104"]
[EventDate "2019.??.??"]

1. c4 e5 2. Nc3 Nc6 3. g3 Nf6 4. Bg2 Bc5 5. e3 O-O 6. Nge2 d6 7. O-O a6 8. h3
Ba7 9. d4 Ne7 10. b3 Rb8 11. a4 Bd7 12. dxe5 dxe5 13. Ba3 Re8 14. Qc2 Qc8 15.
Kh2 Bc6 16. e4 Ng6 17. Rad1 h5 18. Nd5 h4 19. Nxf6+ gxf6 20. g4 Bd7 21. Qd2 Be6
22. Qh6 b5 23. axb5 axb5 24. cxb5 Bxb3 25. Rb1 Bc4 26. Nc3 c6 27. Rfd1 Bd4 28.
Qd2 Bxc3 29. Qxc3 cxb5 30. Rd6 Re6 31. Rbd1 Rxd6 32. Rxd6 Be6 33. Qd2 Qc4 34.
Bb4 Kg7 35. f3 Ra8 36. Qc3 Qxc3 37. Bxc3 Rc8 38. Ba5 Rc2 39. Rd2 Rc1 40. Rb2
Bc4 41. Bd2 Ra1 42. Be3 Ra4 43. Kg1 b4 44. Kf2 b3 45. Bd2 Nf4 46. Bf1 Ra2 47.
Bc3 Rxb2+ 48. Bxb2 Bxf1 49. Kxf1 Nxh3 50. Kg2 Nf4+ 51. Kh2 Nd3 52. Ba3 Kg6 0-1

[Event "SV Königsspringer Hamm 1-SK Sodingen  C"]
[Site "Verbandsliga - Gruppe 1 2018/"]
[Date "2019.02.03"]
[Round "6.8"]
[White "Happel, Juergen"]
[Black "Baumeister, Christoph"]
[Result "0-1"]
[WhiteElo "1762"]
[BlackElo "1914"]
[PlyCount "94"]
[EventDate "2019.??.??"]

1. e4 e5 2. Nf3 f5 3. d4 fxe4 4. Nxe5 Nf6 5. Be2 d6 6. Ng4 Be7 7. Nc3 Nbd7 8.
Bg5 Nxg4 9. Bxe7 Qxe7 10. Bxg4 Nf6 11. Bxc8 Rxc8 12. Qe2 O-O 13. O-O-O d5 14.
Rhe1 Rce8 15. Rd2 c6 16. Nd1 Qd6 17. Rh1 Qf4 18. Ne3 Rf7 19. Kd1 Ref8 20. h3 a5
21. Rf1 a4 22. c4 a3 23. b3 Qd6 24. c5 Qc7 25. Rc2 Ra8 26. Re1 b6 27. Ng4 Nxg4
28. hxg4 bxc5 29. Rxc5 Raf8 30. Rf1 Qf4 31. Rc3 e3 32. Qxe3 Qxe3 33. Rxe3 Rxf2
34. Rxf2 Rxf2 35. Re2 Rf4 36. Rd2 Rxg4 37. Kc2 Rg3 38. Rf2 h5 39. Kd2 h4 40.
Ke2 Kh7 41. Kd2 Kg6 42. Ke2 Kg5 43. Kd2 Kg4 44. Ke2 g5 45. Ke1 h3 46. gxh3+
Kxh3 47. Rc2 Rg1+ 0-1

[Event "Dortmunder SV 1 - SF Brackel 3"]
[Site "Verbandsliga - Gruppe 2 2018/"]
[Date "2019.02.03"]
[Round "6.1"]
[White "Stemmler, Fabian"]
[Black "Wichtrup, Jan-Louis"]
[Result "1/2-1/2"]
[WhiteElo "2080"]
[BlackElo "2010"]
[PlyCount "81"]
[EventDate "2019.??.??"]

1. d4 d5 2. c4 e6 3. Nc3 Nf6 4. Nf3 Be7 5. Bf4 O-O 6. e3 Nbd7 7. a3 c5 8. cxd5
Nxd5 9. Nxd5 exd5 10. dxc5 Nxc5 11. Be5 Bg4 12. Be2 Bf6 13. Bxf6 Qxf6 14. Qd4
Qxd4 15. Nxd4 Bxe2 16. Kxe2 Ne6 17. Rhd1 Rac8 18. Nf5 Rc2+ 19. Rd2 Rxd2+ 20.
Kxd2 g6 21. Nd4 Nxd4 22. exd4 Rc8 23. Re1 Kf8 24. Re5 Rd8 25. Kc3 Rd6 26. a4 f6
27. Re2 Rc6+ 28. Kd3 Kf7 29. Rc2 Rxc2 30. Kxc2 Ke6 31. Kc3 a5 32. b4 b6 33.
bxa5 bxa5 34. Kd3 Kf5 35. Ke3 h5 36. f3 g5 37. g3 Kg6 38. h3 f5 39. g4 hxg4 40.
hxg4 fxg4 41. fxg4 1/2-1/2

[Event "Dortmunder SV 1 - SF Brackel 3"]
[Site "Verbandsliga - Gruppe 2 2018/"]
[Date "2019.02.03"]
[Round "6.2"]
[White "Wittmann, Rainer"]
[Black "Gerlach, Felix"]
[Result "0-1"]
[WhiteElo "2013"]
[BlackElo "2066"]
[PlyCount "84"]
[EventDate "2019.??.??"]

1. e4 e5 2. Nf3 Nc6 3. Bb5 a6 4. Ba4 Nf6 5. O-O Be7 6. Re1 b5 7. Bb3 d6 8. c3
O-O 9. d4 Bg4 10. d5 Na5 11. Bc2 c5 12. Nbd2 c4 13. h3 Bh5 14. Nf1 h6 15. g4
Bg6 16. Ng3 Re8 17. Nh4 Bxe4 18. Nxe4 Nxe4 19. Nf5 Ng5 20. Kg2 Nh7 21. f4 Bf6
22. Qf3 Nf8 23. h4 Bxh4 24. Rh1 Ng6 25. g5 exf4 26. Rxh4 Nxh4+ 27. Nxh4 hxg5
28. Nf5 g6 29. Nd4 Re1 30. Kf2 Re8 31. Bd2 Kg7 32. b4 cxb3 33. axb3 Qb6 34. Kg2
Rh8 35. c4 b4 36. Qd3 Rh6 37. Bc3 bxc3 38. Qxc3 Kg8 39. Rxa5 Re8 40. c5 dxc5
41. Rxc5 Qd6 42. Qc4 g4 0-1

[Event "Dortmunder SV 1 - SF Brackel 3"]
[Site "Verbandsliga - Gruppe 2 2018/"]
[Date "2019.02.03"]
[Round "6.3"]
[White "Garbuz, Vitaliy"]
[Black "Huettemann, Karl-Heinz"]
[Result "1/2-1/2"]
[WhiteElo "2062"]
[BlackElo "2006"]
[Annotator "Daniel"]
[PlyCount "83"]
[EventDate "2019.??.??"]

1. e4 c5 2. d4 cxd4 3. c3 Nf6 4. e5 Nd5 5. Nf3 Nc6 6. Bc4 Nb6 7. Bb3 d6 8. exd6
Qxd6 9. O-O e6 10. cxd4 Be7 11. Nc3 a6 12. Re1 O-O 13. Be3 Na5 14. Bc2 Nac4 15.
Qd3 f5 16. Bb3 Na5 17. Bc2 Nac4 $11 18. Bc1 Rd8 19. a4 Na5 20. b4 Nc6 21. Bb3
Nxd4 22. Nxd4 Qxd4 23. Qxd4 Rxd4 24. Bxe6+ Bxe6 25. Rxe6 Bxb4 26. Rxb6 Bxc3 27.
Bb2 Bxb2 28. Rxb2 Rad8 29. Kf1 Rd1+ 30. Rxd1 Rxd1+ 31. Ke2 Rd7 32. Ke3 Kf7 33.
Kf4 g6 34. Ke5 Ke7 35. Rb6 Rc7 36. h4 Kd7 37. h5 gxh5 38. Kxf5 Rc5+ 39. Ke4 Kc7
40. Rh6 Rc4+ 41. Ke5 Rxa4 42. Rxh7+ 1/2-1/2

[Event "Dortmunder SV 1 - SF Brackel 3"]
[Site "Verbandsliga - Gruppe 2 2018/"]
[Date "2019.02.03"]
[Round "6.4"]
[White "Canzler, Harald"]
[Black "Kartsev, Nikolay"]
[Result "0-1"]
[WhiteElo "1978"]
[BlackElo "1953"]
[PlyCount "76"]
[EventDate "2019.??.??"]

1. Nf3 c5 2. g3 Nf6 3. Bg2 g6 4. O-O Bg7 5. d3 d5 6. c4 Nc6 7. Nc3 O-O 8. cxd5
Nxd5 9. Nxd5 Qxd5 10. Ng5 Qd7 11. Be3 b6 12. Qd2 Bb7 13. Rab1 Nd4 14. Bxb7 Qxb7
15. b4 cxb4 16. Rxb4 Nf5 17. Nf3 Rac8 18. Rb3 Nxe3 19. Qxe3 Rc2 20. a3 Rfc8 21.
h4 Qd5 22. d4 Rxe2 23. Qxe2 Qxb3 24. Qa6 Rc7 25. Kg2 Qc4 26. Qxc4 Rxc4 27. Rd1
Rc3 28. a4 Ra3 29. Rc1 Rxa4 30. Rc8+ Bf8 31. Ne5 Rxd4 32. Ra8 a5 33. Nc6 Rd7
34. Rb8 Kg7 35. Rxb6 Rd6 36. Kf3 a4 37. Ra6 a3 38. Rxa3 Rxc6 0-1

[Event "Dortmunder SV 1 - SF Brackel 3"]
[Site "Verbandsliga - Gruppe 2 2018/"]
[Date "2019.02.03"]
[Round "6.5"]
[White "Elier, Ali"]
[Black "Brockmann, Fabian"]
[Result "1-0"]
[WhiteElo "1997"]
[BlackElo "1951"]
[Annotator "Daniel"]
[PlyCount "97"]
[EventDate "2019.??.??"]

1. e4 c5 2. d4 cxd4 3. c3 d3 4. Bxd3 Nc6 5. c4 Nf6 6. Nf3 d6 7. h3 g6 8. O-O
Bg7 9. Nc3 Nd7 10. Bd2 Nde5 11. Nxe5 dxe5 12. Be3 O-O 13. Rc1 Be6 14. Nd5 Nd4
15. Qa4 f5 16. Bxd4 exd4 17. Qb4 Bxd5 18. exd5 b6 19. Rfe1 Qd6 20. a3 Bh6 21.
Rcd1 a5 22. Qxd6 exd6 $11 23. Re6 Rfd8 24. Bxf5 Bf4 25. Bc2 Be5 26. Ba4 Rac8
27. Bb5 Rc7 28. Rd3 Rf7 29. Re8+ Rf8 30. Rxd8 Rxd8 31. Bc6 Rb8 32. Kf1 Kf7 33.
Ke2 Ke7 34. Rb3 Kd8 35. g3 Bg7 36. Rf3 Ke7 37. b4 Rf8 38. Rb3 axb4 39. axb4 Kf6
40. Ra3 g5 41. Ra7 Kg6 42. Rb7 d3+ 43. Kxd3 Rxf2 44. Be8+ Kh6 45. Rxb6 Be5 46.
c5 Rf3+ 47. Ke4 Rf8 48. cxd6 Kg7 49. Kxe5 1-0

[Event "Dortmunder SV 1 - SF Brackel 3"]
[Site "Verbandsliga - Gruppe 2 2018/"]
[Date "2019.02.03"]
[Round "6.6"]
[White "Wolff, Torsten"]
[Black "Seref, Erdogan"]
[Result "0-1"]
[WhiteElo "1870"]
[BlackElo "1947"]
[PlyCount "72"]
[EventDate "2019.??.??"]

1. d4 Nf6 2. Nf3 d5 3. e3 c5 4. c3 Nc6 5. Bd3 Qc7 6. Nbd2 e5 7. dxe5 Nxe5 8.
Nxe5 Qxe5 9. Nf3 Qh5 10. Qa4+ Bd7 11. Qh4 Qxh4 12. Nxh4 g6 13. Nf3 Bg7 14. Ne5
Be6 15. Bb5+ Ke7 16. h3 Rac8 17. Bd2 Rhd8 18. Nd3 a6 19. Ba4 Bf5 20. Nf4 g5 21.
Ne2 b5 22. Bd1 h6 23. Rc1 Nd7 24. Bc2 Bxc2 25. Rxc2 Ne5 26. Ng3 Ke6 27. O-O Nc4
28. Bc1 a5 29. Re1 f5 30. Nf1 Kf7 31. f3 b4 32. Kf2 Ne5 33. Rd1 d4 34. cxd4
cxd4 35. Rxc8 Rxc8 36. exd4 Rxc1 0-1

[Event "Dortmunder SV 1 - SF Brackel 3"]
[Site "Verbandsliga - Gruppe 2 2018/"]
[Date "2019.02.03"]
[Round "6.7"]
[White "Schaede, Maximilian"]
[Black "Koehler, Eckart"]
[Result "0-1"]
[WhiteElo "1839"]
[BlackElo "1882"]
[PlyCount "76"]
[EventDate "2019.??.??"]

1. d4 Nf6 2. Bg5 g6 3. Bxf6 exf6 4. e3 Bg7 5. g3 d5 6. Bg2 c6 7. Ne2 Nd7 8. O-O
f5 9. Nd2 Nf6 10. c4 dxc4 11. Nxc4 O-O 12. a4 Be6 13. Qc2 Bd5 14. Nf4 Bxg2 15.
Kxg2 h5 16. b4 Nd5 17. Nd3 h4 18. b5 Qe8 19. Nc5 cxb5 20. axb5 b6 21. Nd6 Qxe3
22. Nd7 Nf4+ 23. gxf4 h3+ 24. Kg1 Qf3 25. Qc6 Qg4+ 26. Kh1 Rad8 27. Rg1 Qxf4
28. Rxa7 Bxd4 29. Ra3 Rxd7 30. Qxd7 Be5 31. Rag3 Qxf2 32. Rxg6+ Kh7 33. R6g2
hxg2+ 34. Rxg2 Qf1+ 35. Rg1 Qf3+ 36. Rg2 Bxd6 37. Qxd6 Rg8 38. Qc6 Qf1+ 0-1

[Event "SF Buer 1 - SV Hamm 1"]
[Site "Verbandsliga - Gruppe 2 2018/"]
[Date "2019.02.03"]
[Round "6.1"]
[White "Spyrou, Emmanouil"]
[Black "GroÃŸe-Frintrop, Gerd"]
[Result "1/2-1/2"]
[WhiteElo "2149"]
[BlackElo "2003"]
[PlyCount "35"]
[EventDate "2019.??.??"]

1. d4 f5 2. g3 g6 3. Bg2 Nf6 4. c4 d6 5. Nc3 Bg7 6. Nf3 O-O 7. O-O c6 8. b3 Ne4
9. Qd3 Nxc3 10. Qxc3 c5 11. Bb2 Nc6 12. Qd2 e5 13. dxe5 dxe5 14. Rfd1 Qxd2 15.
Rxd2 e4 16. Bxg7 Kxg7 17. Ne1 Be6 18. Rad1 1/2-1/2

[Event "SF Buer 1 - SV Hamm 1"]
[Site "Verbandsliga - Gruppe 2 2018/"]
[Date "2019.02.03"]
[Round "6.2"]
[White "Renk, Christoph"]
[Black "Voss, Hubertus"]
[Result "0-1"]
[WhiteElo "1953"]
[BlackElo "2081"]
[PlyCount "90"]
[EventDate "2019.??.??"]

1. Nf3 d5 2. e3 g6 3. d4 Bg7 4. c4 c6 5. Nc3 Nf6 6. h3 O-O 7. cxd5 cxd5 8. Bd3
Nc6 9. a3 a6 10. O-O Bf5 11. Bxf5 gxf5 12. Ne5 Rc8 13. Nd3 e6 14. Bd2 Nd7 15.
Ne2 Kh8 16. Nef4 Rg8 17. Rc1 Bh6 18. Kh1 Bxf4 19. Nxf4 Qg5 20. f3 Nf6 21. Qe2
Nh5 22. Nxh5 Qxh5 23. Qf2 Rg7 24. Rg1 Rcg8 25. Kh2 Qg5 26. g3 Qh5 27. Rg2 Rg6
28. g4 Qh6 29. Rcg1 fxg4 30. fxg4 Rf6 31. Qe2 Qf8 32. Be1 Rfg6 33. Qf3 Qe7 34.
Rf1 Rf8 35. h4 f5 36. h5 Rgg8 37. gxf5 Rxf5 38. Rxg8+ Kxg8 39. Rg1+ Kh8 40. Qg4
Qf7 41. Bh4 Rxh5 42. Rg2 Rh6 43. Kh1 Rg6 44. Qh3 Qf5 45. Qh2 Qb1+ 0-1

[Event "SF Buer 1 - SV Hamm 1"]
[Site "Verbandsliga - Gruppe 2 2018/"]
[Date "2019.02.03"]
[Round "6.3"]
[White "Schlaap, Ralf"]
[Black "Schorra, Helmut"]
[Result "1/2-1/2"]
[WhiteElo "2039"]
[BlackElo "2035"]
[PlyCount "49"]
[EventDate "2019.??.??"]

1. c4 e5 2. Nc3 Nf6 3. Nf3 Nc6 4. e3 Be7 5. d4 d6 6. Be2 O-O 7. O-O Re8 8. dxe5
Nxe5 9. b3 c6 10. Bb2 h6 11. Qd4 Bg4 12. Rfd1 Bxf3 13. gxf3 Qd7 14. f4 Ng6 15.
Kh1 Qh3 16. Rg1 Nh4 17. Rg3 Qf5 18. f3 Qc2 19. Ne4 Nf5 20. Bd3 Nxd4 21. Bxc2
Nxc2 22. Nxf6+ Bxf6 23. Bxf6 Nxa1 24. Rxg7+ Kh8 25. Rg1+ 1/2-1/2

[Event "SF Buer 1 - SV Hamm 1"]
[Site "Verbandsliga - Gruppe 2 2018/"]
[Date "2019.02.03"]
[Round "6.5"]
[White "Hufelschulte, Norbert"]
[Black "Andersen, Knut"]
[Result "1/2-1/2"]
[WhiteElo "2013"]
[BlackElo "1919"]
[PlyCount "82"]
[EventDate "2019.??.??"]

1. d4 Nf6 2. c4 e6 3. Nc3 Bb4 4. Qc2 c5 5. dxc5 O-O 6. a3 Bxc5 7. Nf3 Nc6 8.
Bg5 Nd4 9. Nxd4 Bxd4 10. e3 Qa5 11. exd4 Qxg5 12. Bd3 d5 13. cxd5 exd5 14. O-O
Re8 15. g3 Bg4 16. Rfe1 Qh5 17. f4 Bf3 18. Re5 Qh3 19. Rae1 Rec8 20. Bf5 Bg4
21. Bxc8 Rxc8 22. Nxd5 Kf8 23. Nxf6 gxf6 24. Re8+ Rxe8 25. Qc5+ Kg7 26. Rxe8
Bf3 27. Qc2 Qd7 28. Re1 Qxd4+ 29. Qf2 Qd5 30. h4 b6 31. Kh2 Bg4 32. Qe3 Be6 33.
Qe4 Qh5 34. Qe2 Qf5 35. Kg1 Bd5 36. Rd1 Bc6 37. Kh2 Bd7 38. Kg1 Qh3 39. Qh2 Qg4
40. Re1 Be6 41. Qf2 Qh3 1/2-1/2

[Event "SF Buer 1 - SV Hamm 1"]
[Site "Verbandsliga - Gruppe 2 2018/"]
[Date "2019.02.03"]
[Round "6.6"]
[White "Seppelfricke, Guido"]
[Black "Woertler, Lars-Erik"]
[Result "1/2-1/2"]
[WhiteElo "1866"]
[BlackElo "1869"]
[PlyCount "132"]
[EventDate "2019.??.??"]

1. e4 c5 2. Nf3 g6 3. d4 cxd4 4. Qxd4 Nf6 5. e5 Nc6 6. Qa4 Nd5 7. c4 Nc7 8. Nc3
Bg7 9. Bf4 Ne6 10. Bg3 O-O 11. Be2 f6 12. exf6 Bxf6 13. O-O Qb6 14. Qc2 Ned4
15. Nxd4 Nxd4 16. Qd2 d6 17. Nd5 Nxe2+ 18. Qxe2 Qxb2 19. Nxe7+ Kf7 20. Qxb2
Bxb2 21. Rab1 Kxe7 22. Rxb2 d5 23. cxd5 b6 24. d6+ Kf7 25. Re1 Be6 26. Rc2 Rac8
27. Rec1 Rxc2 28. Rxc2 Rc8 29. Rc7+ Rxc7 30. dxc7 Ke7 31. Kf1 Kd7 32. a3 a5 33.
Ke1 b5 34. Kd2 Kc6 35. Ke3 Kd5 36. f3 b4 37. axb4 axb4 38. Bh4 b3 39. Bf6 Kd6
40. Kf4 Kxc7 41. Kg5 Kd7 42. Kh6 Ke8 43. Kxh7 Kf7 44. Bb2 Bd5 45. Kh6 Bc6 46.
Kg5 Bd5 47. h4 Bc6 48. Kf4 Ke6 49. Kg5 Kf7 50. h5 gxh5 51. Kxh5 Bd5 52. Kg5 Bc6
53. Kf4 Kg6 54. g4 Bb7 55. Kg3 Bc8 56. Kf4 Bb7 57. Ke3 Kg5 58. Bc1 Kf6 59. f4
Bc8 60. Bb2+ Kg6 61. Kf3 Bb7+ 62. Kg3 Bc8 63. Kh4 Bd7 64. Bc1 Bc8 65. Kg3 Bd7
66. Kf3 Bc6+ 1/2-1/2

[Event "SF Buer 1 - SV Hamm 1"]
[Site "Verbandsliga - Gruppe 2 2018/"]
[Date "2019.02.03"]
[Round "6.7"]
[White "Brieger, Sebastian"]
[Black "Kreitling, Oliver"]
[Result "1/2-1/2"]
[WhiteElo "1762"]
[BlackElo "1824"]
[Annotator "Daniel"]
[PlyCount "118"]
[EventDate "2019.??.??"]

1. e4 e5 2. Nf3 Nc6 3. d4 exd4 4. Bc4 Nf6 5. e5 d5 6. Bb5 Ne4 7. Nxd4 Bd7 8.
Bxc6 bxc6 9. O-O Be7 10. f3 Nc5 11. Be3 Rb8 12. Nc3 Rb7 13. Nb3 Nxb3 14. axb3
Qb8 15. f4 g6 16. Qe1 Bb4 17. Qf2 a5 18. Bd4 O-O 19. Qh4 Qd8 20. Qf2 Bf5 21.
Na4 Rb5 22. Nc5 Qe7 23. Na4 Qe6 24. Nc5 Bxc5 25. Bxc5 Rd8 26. Ra4 Be4 27. Rc1
Qg4 28. h3 Qxg2+ 29. Qxg2 Bxg2 30. Be7 Re8 31. Kxg2 Rxe7 32. Rca1 f6 33. Rxa5
Rxa5 34. Rxa5 fxe5 35. fxe5 Rxe5 36. Rc5 Re6 37. b4 $11 Kf7 38. b5 Ke7 39. Kf3
Kd7 40. bxc6+ Kd6 41. Rc3 Re4 42. b3 Rb4 43. Ke2 Rb6 44. Rf3 Rxc6 45. Kd3 Ke5
46. Rf7 h5 47. c3 Rf6 48. Re7+ Kd6 49. Re3 c6 50. b4 Re6 51. Rf3 Ke5 52. Ke3 g5
53. Rf8 Rg6 54. Rh8 h4 55. Kf3 Kf5 56. Rf8+ Rf6 57. Rg8 Ke5+ 58. Ke3 Rf5 59.
Rg6 Rf1 1/2-1/2

[Event "SF Buer 1 - SV Hamm 1"]
[Site "Verbandsliga - Gruppe 2 2018/"]
[Date "2019.02.03"]
[Round "6.8"]
[White "Ebert, Manfred"]
[Black "Bachmann, Rolf"]
[Result "1/2-1/2"]
[WhiteElo "1921"]
[BlackElo "1833"]
[PlyCount "41"]
[EventDate "2019.??.??"]

1. c4 c6 2. g3 d5 3. cxd5 cxd5 4. Bg2 Nf6 5. d4 e6 6. Nc3 Be7 7. Nf3 O-O 8. O-O
a6 9. a3 b6 10. Ne5 Bb7 11. Qd3 Nbd7 12. f4 g6 13. h3 b5 14. Kh2 Qc7 15. Bd2
Rac8 16. Rac1 Qb8 17. e4 Nb6 18. exd5 Qa8 19. Nc6 Nbxd5 20. Nxd5 Nxd5 21. Nxe7+
1/2-1/2

[Event "Bochumer SV 2 - SF Essen-Werden 1"]
[Site "Verbandsliga - Gruppe 2 2018/"]
[Date "2019.02.03"]
[Round "6.1"]
[White "Kaufeld, Juergen"]
[Black "Schneider, Bernd"]
[Result "1/2-1/2"]
[WhiteElo "2197"]
[BlackElo "2272"]
[Annotator "Daniel"]
[PlyCount "64"]
[EventDate "2019.??.??"]

1. e4 g6 2. d4 Bg7 3. Nc3 c6 4. Nf3 d5 5. h3 dxe4 6. Nxe4 Nd7 7. Bc4 Ngf6 8.
Nxf6+ Nxf6 9. O-O O-O 10. c3 Qc7 11. Re1 e6 12. a4 b6 13. Qe2 Bb7 14. Bg5 c5
15. Ba6 Nd5 16. Bxb7 Qxb7 17. Qe4 h6 18. Bh4 Rab8 19. Bg3 Nf6 20. Qxb7 Rxb7 21.
a5 Rc8 22. axb6 axb6 23. Be5 Nd5 24. Bxg7 Kxg7 25. Ra6 $11 cxd4 26. Nxd4 b5 27.
Rc6 Rxc6 28. Nxc6 Rc7 29. Ne5 Kf6 30. Ng4+ Kg7 31. Ne5 Kf6 32. Ng4+ Kg7 1/2-1/2

[Event "Bochumer SV 2 - SF Essen-Werden 1"]
[Site "Verbandsliga - Gruppe 2 2018/"]
[Date "2019.02.03"]
[Round "6.2"]
[White "Spiess, Timo-Christian"]
[Black "Roth, Markus"]
[Result "1/2-1/2"]
[WhiteElo "2047"]
[BlackElo "2171"]
[PlyCount "30"]
[EventDate "2019.??.??"]

1. e4 e6 2. d4 d5 3. Nd2 c5 4. Ngf3 cxd4 5. Nxd4 Nf6 6. e5 Nfd7 7. N2f3 Nc6 8.
Bb5 Qc7 9. O-O Be7 10. Bf4 O-O 11. c3 Nc5 12. Rc1 Bd7 13. Be2 Qb6 14. b4 Ne4
15. Be3 Qd8 1/2-1/2

[Event "Bochumer SV 2 - SF Essen-Werden 1"]
[Site "Verbandsliga - Gruppe 2 2018/"]
[Date "2019.02.03"]
[Round "6.3"]
[White "ter Steeg, Marcus"]
[Black "Hinkmann, Jens"]
[Result "1/2-1/2"]
[WhiteElo "2068"]
[BlackElo "2009"]
[Annotator "Daniel"]
[PlyCount "149"]
[EventDate "2019.??.??"]

1. d4 d5 2. Nf3 Nc6 3. Bf4 Bg4 4. e3 e6 5. Nbd2 Bd6 6. Bg3 Bxg3 7. hxg3 e5 8.
Be2 e4 9. Ng1 Bd7 10. c4 Nf6 11. cxd5 Nb4 12. Qb3 Qe7 13. Nh3 Nbxd5 14. Nf4 Nb6
15. Qc2 Rc8 16. Rc1 O-O 17. O-O Rfe8 $11 18. Qc5 Qxc5 19. Rxc5 h6 20. Rfc1 c6
21. Ra5 a6 22. Ra3 g5 23. Rb3 Na4 24. Nh5 Nxh5 25. Bxh5 b5 26. Ra3 Ra8 27. Nc4
c5 28. Ne5 Be6 29. dxc5 Nxb2 30. Bg4 Bxg4 31. Nxg4 Kg7 32. Rac3 h5 33. Nh2 Rac8
34. Nf1 b4 35. Rb3 Nd3 36. Rc4 a5 37. a3 Nxc5 38. Rb1 Nd3 39. Rxc8 Rxc8 40.
axb4 axb4 41. g4 hxg4 42. Ng3 Rc4 43. Nf5+ Kf6 44. Nd6 Rc1+ 45. Rxc1 Nxc1 46.
Nxe4+ Ke5 47. Nd2 b3 48. Kh2 Kd5 49. Kg3 f5 50. f3 b2 51. e4+ fxe4 52. fxe4+
Kd4 53. e5 Kxe5 54. Nc4+ Kf5 55. Nxb2 Ne2+ 56. Kf2 Nc3 57. Nd3 Ne4+ 58. Ke2 Nf6
59. Kf2 Ke4 60. Nc5+ Kd5 61. Nb3 Kc4 62. Nd2+ Kd3 63. Nb3 Ne4+ 64. Kg1 g3 65.
Kf1 Ke3 66. Na5 Nd2+ 67. Kg1 Ke2 68. Nc6 Ke1 69. Nd4 Ne4 70. Nf5 g4 71. Nh6 Nc3
72. Nxg4 Ne2+ 73. Kh1 Kd2 74. Nf6 Ke3 75. Nh5 1/2-1/2

[Event "Bochumer SV 2 - SF Essen-Werden 1"]
[Site "Verbandsliga - Gruppe 2 2018/"]
[Date "2019.02.03"]
[Round "6.4"]
[White "Goralski, Christian"]
[Black "Berger, Konstantin"]
[Result "0-1"]
[WhiteElo "1967"]
[BlackElo "2059"]
[PlyCount "78"]
[EventDate "2019.??.??"]

1. e4 c5 2. c3 Nf6 3. e5 Nd5 4. d4 cxd4 5. Nf3 Nc6 6. Bc4 Nb6 7. Bb3 d6 8. exd6
e6 9. Nxd4 Bxd6 10. Nxc6 bxc6 11. O-O Qc7 12. h3 Ba6 13. Re1 O-O-O 14. Qf3 Bb7
15. Nd2 c5 16. Qe2 Qc6 17. Qe4 Qd7 18. Qe2 Bb8 19. Ne4 Qc7 20. g3 Qc6 21. f3 c4
22. Bc2 h6 23. Kf2 f5 24. Nd2 Rhe8 25. b3 Ba6 26. Nf1 Nd5 27. b4 Nxc3 28. Qe3
Nd5 29. Qa3 Qb6+ 30. Kg2 Bd6 31. Bd2 Bb7 32. Ba4 Re7 33. Rac1 Ba6 34. Bb3 Rc7
35. Rxe6 cxb3 36. Qxb3 Rxc1 37. Bxc1 Bxf1+ 38. Kxf1 Qb5+ 39. Kg2 Bc7 0-1

[Event "Bochumer SV 2 - SF Essen-Werden 1"]
[Site "Verbandsliga - Gruppe 2 2018/"]
[Date "2019.02.03"]
[Round "6.5"]
[White "Claussen, Uwe"]
[Black "Peters, Olaf"]
[Result "0-1"]
[WhiteElo "2005"]
[BlackElo "1904"]
[Annotator "Daniel"]
[PlyCount "80"]
[EventDate "2019.??.??"]

1. e4 c5 2. Nf3 Nc6 3. d4 cxd4 4. Nxd4 e5 5. Nb5 a6 6. Nd6+ Bxd6 7. Qxd6 Qf6 8.
Qxf6 Nxf6 9. Nc3 Nb4 10. Kd2 d5 11. a3 d4 12. axb4 dxc3+ 13. Ke3 cxb2 14. Bxb2
O-O 15. f3 Re8 16. Ra5 Nd7 17. Bb5 f6 18. Ba4 b6 19. Rd5 b5 20. Bb3 Kf8 21. Rd6
Ke7 22. Rhd1 Rb8 23. Rc6 Kd8 24. Be6 Re7 25. Ke2 Rb7 26. c4 Rc7 27. cxb5 axb5
28. Bd5 Bb7 29. Rxc7 Kxc7 30. Bc1 Bxd5 31. Rxd5 Kc6 32. Be3 Re8 33. Rd2 Nb6 34.
Ra2 Ra8 35. Rxa8 Nxa8 $11 36. Bc5 Nc7 37. Bf8 Ne6 38. Be7 Kd7 39. Bxf6 gxf6 40.
g3 Nd4+ 0-1

[Event "Bochumer SV 2 - SF Essen-Werden 1"]
[Site "Verbandsliga - Gruppe 2 2018/"]
[Date "2019.02.03"]
[Round "6.6"]
[White "Floeren, Philipp"]
[Black "Huette, Stefan"]
[Result "0-1"]
[WhiteElo "1884"]
[BlackElo "2013"]
[PlyCount "48"]
[EventDate "2019.??.??"]

1. e4 e6 2. d4 d5 3. exd5 exd5 4. Nf3 Bd6 5. Bd3 Ne7 6. O-O Bg4 7. Bg5 f6 8.
Bh4 Nbc6 9. c3 Qd7 10. b4 Nf5 11. Bg3 Nxg3 12. fxg3 O-O-O 13. a4 h5 14. a5 Ne7
15. b5 h4 16. b6 Kb8 17. a6 cxb6 18. axb7 hxg3 19. Na3 Bxf3 20. Qxf3 Rxh2 21.
Rfe1 Rdh8 22. Kf1 Bxa3 23. Qxg3+ Bd6 24. Qf3 R8h4 0-1

[Event "Bochumer SV 2 - SF Essen-Werden 1"]
[Site "Verbandsliga - Gruppe 2 2018/"]
[Date "2019.02.03"]
[Round "6.7"]
[White "Rehfeldt, Jens"]
[Black "Bautz, Volker"]
[Result "1/2-1/2"]
[WhiteElo "1929"]
[BlackElo "1865"]
[Annotator "Daniel"]
[PlyCount "85"]
[EventDate "2019.??.??"]

1. Nc3 b6 2. e4 e6 3. d4 Bb7 4. a3 Nf6 5. f3 c5 6. Be3 cxd4 7. Bxd4 Nc6 8. Bf2
Be7 9. Bd3 O-O 10. Nge2 Rc8 11. O-O Ne5 12. Kh1 d5 13. exd5 Nxd3 14. Qxd3 Nxd5
15. Nxd5 Bxd5 16. Rfd1 Bf6 17. Nd4 Qc7 18. c3 Rfd8 19. Qe2 Qb7 20. Rac1 Bc4 21.
Qc2 g6 22. b3 Bd5 23. c4 Qe7 $11 24. Qa2 Ba8 25. a4 Bg5 26. Rb1 e5 27. Re1 Qf6
28. Nb5 Rd2 29. Rb2 Rcd8 30. h4 Bf4 31. Kg1 e4 32. Rxd2 Rxd2 33. Qa1 Qxa1 34.
Rxa1 e3 35. Be1 Rd7 36. Kf1 Be5 37. Rc1 a6 38. Nc3 f5 39. Ke2 f4 40. Rd1 Rxd1
41. Nxd1 h6 42. Nc3 Kf7 43. Kd3 1/2-1/2

[Event "Bochumer SV 2 - SF Essen-Werden 1"]
[Site "Verbandsliga - Gruppe 2 2018/"]
[Date "2019.02.03"]
[Round "6.8"]
[White "Abdullayev, Elchin"]
[Black "Bury, Tobias"]
[Result "1-0"]
[WhiteElo "1782"]
[BlackElo "1871"]
[Annotator "Daniel"]
[PlyCount "77"]
[EventDate "2019.??.??"]

1. d4 Nf6 2. c4 c5 3. d5 e6 4. Bg5 exd5 5. cxd5 d6 6. Nc3 h6 7. Bh4 g6 8. e4
Bg7 9. Bd3 O-O 10. Nge2 a6 11. a4 Nbd7 12. f4 Re8 13. O-O Qc7 14. Rc1 Rb8 15.
b3 c4 16. Bxc4 Nc5 17. e5 Ng4 18. Qd2 Qb6 $11 19. Kh1 dxe5 20. h3 Nf6 21. fxe5
Nfe4 22. Nxe4 Nxe4 23. Qf4 Bf5 24. e6 Nd6 25. a5 Qc5 26. Bf2 Qb4 27. Be1 Qa3
28. exf7+ Nxf7 29. Bc3 Nd6 30. Bxg7 Kxg7 31. Ng3 Rf8 32. Qe5+ Kh7 33. Nxf5 Nxf5
34. Bd3 Rbe8 35. Rc7+ Kg8 36. Qf4 g5 37. Qg4 Ne3 38. Rxf8+ Rxf8 39. Qe6+ 1-0